Harry Potter Characters by First Mention - Statistics

General Stats
  • This quiz has been taken 174 times
  • The average score is 11 of 15
Answer Stats
Hint Answer % Correct
Fleur Delacour 4. Harry Potter and the Goblet of Fire
98%
Remus Lupin 3. Harry Potter and the Prisoner of Azkaban
93%
Dolores Umbridge 5. Harry Potter and the Order of the Phoenix
92%
Gilderoy Lockhart 2. Harry Potter and the Chamber of Secrets
90%
Alastor Moody 4. Harry Potter and the Goblet of Fire
88%
Quirinus Quirrell 1. Harry Potter and the Philosopher's Stone
87%
Nymphadora Tonks 5. Harry Potter and the Order of the Phoenix
80%
Horace Slughorn 6. Harry Potter and the Half-Blood Prince
80%
Scorpius Malfoy 7. Harry Potter and the Deathly Hallows
80%
Aragog 2. Harry Potter and the Chamber of Secrets
69%
Cormac McLaggen 6. Harry Potter and the Half-Blood Prince
64%
Lavender Brown 1. Harry Potter and the Philosopher's Stone
61%
Cedric Diggory 3. Harry Potter and the Prisoner of Azkaban
38%
Pius Thicknesse 6. Harry Potter and the Half-Blood Prince
23%
Sirius Black 1. Harry Potter and the Philosopher's Stone
21%
No matching quizzes found
Score Distribution
Percent of People with Each Score
Percentile by Number Answered
Your Score History
You have not taken this quiz